000 00308nam a2200109Ia 4500
008 221102s9999 xx 000 0 und d
041 _aeng
082 _bTro
100 _aTropper Richard
_995853
245 _aProgramming in Assembly Langugage on the IBM PC
260 _bJaico Publication House
999 _c82983
_d82983